La política
Na minha lista:
| Autor principal: | |
|---|---|
| Formato: | Livro |
| Idioma: | espanhol |
| Publicado em: |
Santiago
Ercilla
1988
|
| Colecção: | Las más grandes obras del conocimiento, 1
|
| Assuntos: | |
| Tags: |
Adicionar Tag
Sem tags, seja o primeiro a adicionar uma tag!
|
MARC
| LEADER | 00000nam a2200000 a 4500 | ||
|---|---|---|---|
| 001 | UCW8091 | ||
| 003 | CL-VaPUC | ||
| 008 | 880506e19880000CL |||||||||||||||||spa|d | ||
| 082 | 0 | 4 | |a 185 |b ARI |2 21 |
| 100 | |a Aristóteles, |d 384 a.C.- 322 a.C. |e author |9 194 | ||
| 245 | 1 | 3 | |a La política |
| 300 | |a 301 p | ||
| 942 | |c BK | ||
| 945 | |d 19880506 00:00:00 | ||
| 260 | |a Santiago |b Ercilla |c 1988 | ||
| 650 | 0 | |a Ciencias Políticas |9 255201 | |
| 583 | |a last modification |c 19880506 00:00:00 |k Rodrigo Vera | ||
| 490 | 0 | |a Las más grandes obras del conocimiento, 1 | |
| 999 | |c 220571 |d 220569 | ||
| 952 | |0 0 |1 0 |4 0 |6 185_000000000000000_ARI_1988 |7 0 |8 R |9 212997 |a BIBHIS |b BIBHIS |d 2019-11-15 |i 3215555 |o 185 ARI 1988 |p 3215555 |r 2024-01-30 |w 2019-11-15 |y BK_R |k HIS | ||